Urological, oncology: dilemmas and developments (Record no. 46935)
[ view plain ]
| 000 -LEADER | |
|---|---|
| fixed length control field | 00663nam a2200169Ia 4500 |
| 008 - FIXED-LENGTH DATA ELEMENTS--GENERAL INFORMATION | |
| fixed length control field | 1991 gf a 1 a dd |
| 020 ## - INTERNATIONAL STANDARD BOOK NUMBER | |
| International Standard Book Number | 471920509 |
| 040 ## - CATALOGING SOURCE | |
| Original cataloging agency | Ahmadu Bello University Library - Zaria |
| 050 ## - LIBRARY OF CONGRESS CALL NUMBER | |
| Classification number | RC 280.U74 |
| 245 #0 - TITLE STATEMENT | |
| Title | Urological, oncology: dilemmas and developments |
| Statement of responsibility, etc. | edited by A.R. Alderson, R.T.D. Oliver, I.W.F. Hanham & H.J.G. Bloom. |
| 260 ## - PUBLICATION, DISTRIBUTION, ETC. | |
| Place of publication, distribution, etc. | Chichester |
| Name of publisher, distributor, etc. | John wiley& son |
| Date of publication, distribution, etc. | 1991 |
| 300 ## - PHYSICAL DESCRIPTION | |
| Extent | xvi, 357p.: ill. |
| 500 ## - GENERAL NOTE | |
| General note | Includes bibliographical references and index |
| 650 ## - SUBJECT ADDED ENTRY--TOPICAL TERM | |
| Topical term or geographic name entry element | Internal medicine |
| 700 ## - ADDED ENTRY--PERSONAL NAME | |
| Personal name | Alderson, A.R.;Oliver, R.T.D.;Hanham, I.W.F.;Bloom, H.J.G. |
No items available.